|
|
|
|
| LEADER |
01279nam a2200361 a 4500 |
| 001 |
15095949 |
| 003 |
BD-DhAAL |
| 005 |
20230618163809.0 |
| 008 |
111210s2004 nyu b 001 0 eng d |
| 010 |
|
|
|a 2007282309
|
| 020 |
|
|
|a 041597254X (hardcover)
|
| 020 |
|
|
|a 9780415972543 (hardcover)
|
| 020 |
|
|
|a 0415972558 (pbk.)
|
| 020 |
|
|
|a 9780415972550 (pbk.)
|
| 040 |
|
|
|a MIA
|c MIA
|d OCL
|d BAKER
|d NLGGC
|d YDXCP
|d BTCTA
|d DLC
|d BD-DhAAL
|
| 042 |
|
|
|a lccopycat
|
| 050 |
0 |
0 |
|a BF531
|b .A585 2004
|
| 082 |
0 |
0 |
|a 152.4
|2 22
|
| 100 |
1 |
|
|a Ahmed, Sara,
|d 1969-
|9 54773
|
| 245 |
1 |
4 |
|a The cultural politics of emotion /
|c Sara Ahmed.
|
| 260 |
|
|
|a New York :
|b Routledge,
|c 2004.
|
| 300 |
|
|
|a vii, 224 pages ;
|c 24 cm.
|
| 504 |
|
|
|a Includes bibliographical references (p. [204]-216) and index.
|
| 541 |
|
|
|e 23987
|
| 650 |
|
0 |
|a Emotions
|x Social aspects.
|
| 650 |
|
0 |
|a Political psychology.
|9 54774
|
| 650 |
|
0 |
|a Political culture.
|
| 650 |
1 |
7 |
|a Emoties.
|9 54775
|
| 650 |
1 |
7 |
|a Culturele verschillen.
|9 54776
|
| 852 |
1 |
|
|a BRAC Development Institute
|c General Shelf.
|
| 942 |
|
|
|2 ddc
|c BK
|
| 999 |
|
|
|c 11559
|d 11559
|
| 952 |
|
|
|0 0
|1 0
|2 ddc
|4 0
|6 152_400000000000000_AHM
|7 0
|9 18809
|a BIGD
|b BIGD
|c GEN
|d 2011-12-10
|l 0
|o 152.4 AHM
|p 3050023987
|r 2011-12-10
|t 1
|w 2011-12-10
|y BK
|x Transferred from BDI to BIGD.
|